World of Warships Quiz - Statistics

General Stats
  • This quiz has been taken 121 times
  • The average score is 12 of 22
Answer Stats
Hint Answer % Correct
Germany
87%
Japan
87%
USA
85%
Battleship
83%
Cruiser
83%
Destroyer
83%
Ship class Aircraft Carrier
80%
UK
76%
USSR
76%
France
70%
This Ship class appears in The other game, but not in the other. Submarine
67%
Torpedo Bomber
66%
Italy
64%
Plane Squadron Dive Bomber
57%
A Country in W.O.W. E.U.
46%
The other Game Legends
38%
One Game Blitz
26%
Secondary Guns
21%
Tech Thing Tech Tree
15%
Primary Guns
11%
Weapon Torpedos
8%
Indochina
0%
No matching quizzes found
Score Distribution
Percent of People with Each Score
Percentile by Number Answered
Your Score History
You have not taken this quiz